Rappeurs français par images - Statistiques

Statistiques générales
  • Ce quiz a été pris 923 fois
  • Le résultat moyen est 24 sur 40
Statistiques - réponses
Par images Réponse % Correct
Ninho
97%
Jul
96%
PNL
96%
Zola
95%
Booba
94%
Damso
94%
Maes
91%
SCH
91%
Gambi
90%
Gazo
88%
Niska
87%
Freeze corleone
86%
Hamza
84%
Tiakola
84%
Ziak
84%
Fave
79%
RK
79%
Gradur
76%
Guizmo
72%
Kerchak
72%
Leto
72%
SDM
70%
menace Santana
60%
Djadja & Dinaz
57%
Zamdane
50%
Josman
41%
So la lune
41%
Werenoi
40%
Landy
38%
MIG
34%
Timal
34%
Zed
34%
Beendo Z
32%
UZI
32%
Benab
26%
Key largo
16%
Koffi lossa
8%
Waiv
6%
Caris
5%
Gazy MP
3%
Aucun quiz correspondant
Distribution des résultats
% des personnes avec chaque résultat
Percentile par nombre de réponses
Votre historique - résultats
Vous n’avez pas pris ce quiz